| 000 | 01109nam a2200229 4500 | ||
|---|---|---|---|
| 003 | CO-ViMGA | ||
| 020 | _a9789587850390 | ||
| 040 |
_aCO-ViMGA _bspa _cCO-ViMGA |
||
| 090 | _aLM TUT1 | ||
| 245 | 1 | 0 |
_aTu'tu kuke i'ha tishe kueñe = Tío conejo quiere ser grande / _cdocentes de la comunidad kofán de Santa Rosa del Guamúez ; traducción e ilustraciones, Camilo Yogue |
| 260 |
_aBogotá : _bMinisterio de Educación Nacional _c2017 |
||
| 300 |
_a[30] p. : _bil. color |
||
| 490 |
_aPlan Nacional de Lectura y Escritura Leer es mi Cuento _aRío de letras. Territorios narrados; v11 |
||
| 500 | _aColección de actualización bibliográfica para la Red de Bibliotecas Públicas del Ministerio de Cultura, Plan Nacional de Lectura y Escritura Leer es mi cuento, 2018 | ||
| 650 | 1 | 4 |
_aCuentos infantiles colombianos _913863 |
| 650 | 1 | 4 |
_aKofán _xVida social y costumbres _913862 |
| 650 | 1 | 4 |
_aLeyendas indígenas colombianas _92446 |
| 650 | 1 | 4 |
_aLiteratura indígena colombiana _913737 |
| 700 | 1 |
_aYogue, Camilo _913864 |
|
| 710 |
_aInstitución Etnoeducativa Santa Rosa del Guamuez _913865 |
||
| 942 |
_2ddc _cBK |
||
| 999 |
_c11893 _d11893 |
||